• 首页
  • 本馆介绍
  • 公告通知
  • 最新文献
  • 馆藏检索
  • 电子资源
  • 读者导购
  • 参考咨询
  • 我的图书馆
  • 登录
  • 详细信息显示
  • 放入我的书架
  • 预约/预借图书
  • 作者相关作品
  • 分类相关作品
  • 丛书相关作品
  • 出版社相关作品

书目信息

  • 表格格式
  • 工作单格式
  • 卡片格式
题名:
景观生态学原理及应用
    
 
作者: 傅伯杰 编著
分册:  
出版信息: 北京   科学出版社  2001
页数: 358页
开本: 26cm
丛书名:
单 册:
中图分类: Q149
科图分类:
主题词: 生物学:生态学
电子资源:
ISBN: 7-03-009401-8
000 00576nam0 2200193 45
001 0204171536
005 20031219104054.8
010    @a7-03-009401-8@dCNY45.00
100    @a20020417d2001 km y0chiy0120 ea
101 0  @achi
105    @aa z 000yy
200 1  @a景观生态学原理及应用@AJing Guan Sheng Tai Xue Yuan Li Ji Ying Yong@f傅伯杰等编著@FFu Bo Jie Deng Bian Zhu
210    @a北京@c科学出版社@d2001
215    @a358页@c插图@d26cm
606 0  @a生物学:生态学
690    @aQ149@v4
701  0 @a傅伯杰@4编著
801    @aCN@bTSTC@c20020417
905    @b308685-694@dQ149@e54@f10
    
    景观生态学原理及应用/傅伯杰等编著.-北京:科学出版社,2001
    358页:插图;26cm
    
    
    ISBN 7-03-009401-8:CNY45.00
    
●
相关链接 在E读中查询图书 在五车中查询图书 在当当中查询图书 在豆瓣中查询图书


正题名:景观生态学原理及应用     索取号:Q149/54         预约/预借

序号 登录号 条形码 馆藏地/架位号 状态 备注
1 0308685   203086855   密集书库/ [索取号:Q149/54] 在馆    
2 0308686   203086864   密集书库/ [索取号:Q149/54] 在馆    
3 0308687   203086873   密集书库/ [索取号:Q149/54] 在馆    
4 0308688   203086882   第三借阅区/ [索取号:Q149/54] 在馆    
5 0308689   203086891   密集书库/ [索取号:Q149/54] 在馆    
6 0308690   203086908   第三借阅区/ [索取号:Q149/54] 在馆    
7 0308691   203086917   密集书库/ [索取号:Q149/54] 在馆    
8 0308692   203086926   第三借阅区/ [索取号:Q149/54] 在馆    
9 0308693   203086935   密集书库/ [索取号:Q149/54] 在馆    
10 0308694   203086944   第二样本阅览室/ [索取号:Q149/54] 在馆    
11 0358088   3580887   第三借阅区/ [索取号:Q149/54] 在馆    
12 0358089   3580896   第三借阅区/ [索取号:Q149/54] 在馆    
13 0358090   3580903   第三借阅区/ [索取号:Q149/54] 在馆    
14 0358091   3580912   密集书库/ [索取号:Q149/54] 在馆    
15 0358092   3580921   第三借阅区/ [索取号:Q149/54] 在馆    
唐山师范学院图书馆 欢迎您!
大连网信软件有限公司© 版权所有